LEADER 02045nam 2200589Ia 450 001 9910456285303321 005 20200520144314.0 010 $a1-78034-971-8 010 $a1-282-52438-0 010 $a9786612524387 035 $a(CKB)2550000000012345 035 $a(EBL)617346 035 $a(OCoLC)613206321 035 $a(SSID)ssj0000370890 035 $a(PQKBManifestationID)11265761 035 $a(PQKBTitleCode)TC0000370890 035 $a(PQKBWorkID)10379454 035 $a(PQKB)10531166 035 $a(MiAaPQ)EBC617346 035 $a(Au-PeEL)EBL617346 035 $a(CaPaEBR)ebr10373233 035 $a(CaONFJC)MIL252438 035 $a(EXLCZ)992550000000012345 100 $a20091103d2010 uy 0 101 0 $aeng 135 $aur|n|---||||| 181 $ctxt 182 $cc 183 $acr 200 04$aThe military-industrial complex and American society$b[electronic resource] /$fSterling Michael Pavelec, editor 210 $aSanta Barbara, Calif. $cABC-CLIO$dc2010 215 $a1 online resource (454 p.) 300 $aDescription based upon print version of record. 311 $a1-59884-187-4 311 $a1-59884-188-2 320 $aIncludes bibliographical references and index. 327 $aCover; Contents; List of Entries; List of Contributors; Preface; Chronology; A to W Entries; Bibliography; Index; About the Author 330 $aThe first comprehensive reference on the military-industrial complex, from its Cold War era expansion to the present. 606 $aMilitary-industrial complex$zUnited States$vEncyclopedias 606 $aDefense industries$zUnited States 608 $aElectronic books. 615 0$aMilitary-industrial complex 615 0$aDefense industries 676 $a306.2/70973 701 $aPavelec$b Sterling Michael$0901184 801 0$bMiAaPQ 801 1$bMiAaPQ 801 2$bMiAaPQ 906 $aBOOK 912 $a9910456285303321 996 $aThe military-industrial complex and American society$92014216 997 $aUNINA LEADER 01146nam a2200313 i 4500 001 991001311069707536 005 20020507191132.0 008 931108s1988 ne ||| | eng 020 $a044470289X 035 $ab10829969-39ule_inst 035 $aLE01310328$9ExL 040 $aDip.to Matematica$beng 082 0 $a519.5 084 $aAMS 62-XX 084 $aLC QA276.6.S334 245 00$aSampling /$ced. by P. R. Krishnaiah, C. R. Rao 260 $aAmsterdam :$bNorth-Holland,$c1988 300 $axiii, 594 p. ;$c25 cm 490 0 $aHandbook of statistics,$x0169-7161 ;$v6 650 0$aSampling theory 700 1 $aKrishnaiah, Paruchuri R. 700 1 $aRao, Calyampudi Radhakrishna 907 $a.b10829969$b23-02-17$c28-06-02 912 $a991001311069707536 945 $aLE013 62-XX HOS11 V.VI (1988)$cV. 6$g1$i2013000075440$lle013$o-$pE0.00$q-$rl$s- $t0$u0$v0$w0$x0$y.i1093831x$z28-06-02 945 $aLE025 ECO 519.5 KRI01.01$g1$i2025000121188$lle025$o-$pE0.00$q-$rl$s- $t0$u0$v0$w0$x0$y.i14581048$z15-10-07 996 $aSampling$9258312 997 $aUNISALENTO 998 $ale013$ale025$b01-01-93$cm$da $e-$feng$gne $h0$i1